La cultura histórica y el sentimiento de la nacionalidad

Uloženo v:
Podrobná bibliografie
Hlavní autor: Levene, Ricardo (Autor)
Médium: Kniha
Jazyk:španělština
Vydáno: Buenos Aires Espasa-Calpe 1942
Témata:
Tagy: Přidat tag
Žádné tagy, Buďte první, kdo vytvoří štítek k tomuto záznamu!

MARC

LEADER 00000nam a2200000 a 4500
001 UCO3148
003 CL-VaPUC
008 000714e19420000AG |||||||||||||||||spa|d
082 0 4 |a 982  |b LEV  |2 21 
100 |a Levene, Ricardo  |e author  |9 478455 
245 1 3 |a La cultura histórica y el sentimiento de la nacionalidad 
300 |a 256 p 
942 |c BK 
945 |d 20000714 00:00:00  |a rherrera 
260 |a Buenos Aires  |b Espasa-Calpe  |c 1942 
650 0 |a Historia Argentina  |9 268065 
650 7 |a CULTURA ARGENTINA  |2 CL-VaPUC  |9 431829 
650 0 |a Nacionalidad  |9 357571 
650 0 |a Archivos históricos  |9 442644 
650 0 |a Museos  |9 269209 
650 0 |a Monumentos históricos  |9 308710 
651 0 |a Argentina  |9 254888 
583 |a last modification  |c 20000714 00:00:00  |k Rodrigo Vera 
999 |c 289618  |d 289616 
952 |0 0  |1 0  |4 0  |6 982_000000000000000_LEV_1942  |7 0  |8 X  |9 338184  |a BIBHIS  |b BIBHIS  |d 2019-11-20  |i 129962K  |o 982 LEV 1942  |p 129962K  |r 2024-01-30  |w 2019-11-20  |y BK_X  |k HIS